000 00633nab a2200193 4500
001 244442
003 OSt
005 20240206092313.0
007 tu
008 200917s2020|||||||
040 _aDE-2950
_cDE-2950
245 0 0 _aStreik legt ÖPNV lahm
_bStreik. Busse und Straßenbahnen standen am Freitag still. Auf der Arbeitgeberseite war man irritiert, schien doch eine Einigung in Sicht zu sein/
_cSelim Pekel, Felix Krone
264 _c2024
653 _aFrankfurt (Oder)
653 _aStreik
653 _aÖPNV
773 0 _g35. Jahrgang (2024) Nr. 29 vom 03.02.2024, S. 15 mit Foto
_tMärkische Oderzeitung
942 _2z
_cA
999 _c372963
_d372963